Airlines at Riga International Airport - Statistics

General Stats
  • This quiz has been taken 128 times
  • The average score is 7 of 13
Answer Stats
Routes Airline % Correct
1 Lufthansa
87%
31 Ryanair
87%
69 AirBaltic
84%
1 British Airways
84%
1 Finnair
72%
1 LOT Polish Airlines
67%
2 WizzAir
63%
2 Turkish Airlines
55%
4 Norwegian
54%
1 Aegean Airlines
34%
1 Uzbekistan Airways
18%
1 Transavia
16%
2 Lauda
6%
No matching quizzes found
Score Distribution
Percent of People with Each Score
Percentile by Number Answered
Your Score History
You have not taken this quiz